| 000 | 00507nam a22001814a 4500 | ||
|---|---|---|---|
| 999 |
_c10591 _d10591 |
||
| 003 | OSt | ||
| 005 | 20220408155516.0 | ||
| 008 | 100122s2009 sp 000 0 eng | ||
| 020 | _a9788492861019 | ||
| 035 | _a(SP-BaPL)pu100000484 | ||
| 040 |
_aDLC _cDLC |
||
| 082 | _a720 | ||
| 245 | 0 | 0 |
_aEuropean Union Prize for Contemporay Architecture : _bMies van der Rohe Award 2009. |
| 260 |
_aBarcelona [etc.] : _bActar Editorial, _cc2009. |
||
| 300 |
_a303 p. ; _c24 cm. |
||
| 653 | _aArquitectura | ||
| 942 | _2ddc | ||